दासशूद्रांची गुलामगिरी-भारतीय दासप्रथा व सामंतप्रथा आणि त्यांची तत्वज्ञाने यांच्या उगमाची अन्वीक्षा खंड.1. (Record no. 1341084)

MARC details
000 -LEADER
fixed length control field 01352nam a2200181Ia 4500
008 - FIXED-LENGTH DATA ELEMENTS--GENERAL INFORMATION
fixed length control field 151202s9999||||xx |||||||||||||| ||und||
082 ## - DEWEY DECIMAL CLASSIFICATION NUMBER
Item number PNVM-74423
100 ## - MAIN ENTRY--PERSONAL NAME
Personal name पाटील शरद्.
245 ## - TITLE STATEMENT
Title दासशूद्रांची गुलामगिरी-भारतीय दासप्रथा व सामंतप्रथा आणि त्यांची तत्वज्ञाने यांच्या उगमाची अन्वीक्षा खंड.1.
260 ## - PUBLICATION, DISTRIBUTION, ETC. (IMPRINT)
Name of publisher, distributor, etc "मावळाई प्रकाशन शिरुर, जि.पुणे."
260 ## - PUBLICATION, DISTRIBUTION, ETC. (IMPRINT)
Date of publication, distribution, etc 74423
300 ## - PHYSICAL DESCRIPTION
Extent 508
600 ## - SUBJECT ADDED ENTRY--PERSONAL NAME
Personal name पाटील शरद्.
630 ## - SUBJECT ADDED ENTRY--UNIFORM TITLE
Uniform title दासशूद्रांची गुलामगिरी-भारतीय दासप्रथा व सामंतप्रथा आणि त्यांची तत्वज्ञाने यांच्या उगमाची अन्वीक्षा खंड.1.
700 ## - ADDED ENTRY--PERSONAL NAME
Personal name पाटील शरद्.
730 ## - ADDED ENTRY--UNIFORM TITLE
Uniform title दासशूद्रांची गुलामगिरी-भारतीय दासप्रथा व सामंतप्रथा आणि त्यांची तत्वज्ञाने यांच्या उगमाची अन्वीक्षा खंड.1.
942 ## - ADDED ENTRY ELEMENTS (KOHA)
Koha item type Book
Holdings
Withdrawn status Lost status Damaged status Not for loan Home library Current library Date acquired Cost, normal purchase price Total Checkouts Full call number Barcode Date last seen Cost, replacement price Price effective from Koha item type
        Pune Nagar Vachan Mandir, Pune Pune Nagar Vachan Mandir, Pune 06/21/2015 0.00   PNVM-74423 PNVM-74423 12/02/2015 0.00 12/02/2015 Book